[Event "SV Ibbenbüren 1 - SC Falke Saerbeck 1"]
[Site "Verbandsliga 2019/2020"]
[Date "2019.09.07"]
[Round "1.1"]
[White "Vos, Thomas"]
[Black "Kellmann, Dominik"]
[Result "1-0"]
[WhiteElo "2063"]
[BlackElo "1755"]
[PlyCount "73"]
[EventDate "2019.??.??"]
[SourceDate "2019.09.14"]

1. Nf3 c5 2. e3 g6 3. d4 Bg7 4. Be2 Nf6 5. O-O b6 6. Ne5 Bb7 7. Bf3 Qc7 8. Nc3
a6 9. a4 O-O 10. a5 b5 11. Bxb7 Qxb7 12. dxc5 Ne4 13. Nxe4 Bxe5 14. Qf3 Nc6 15.
Bd2 Qc7 16. Rad1 Bxh2+ 17. Kh1 Be5 18. Qh3 Kg7 19. b4 Rad8 20. f4 d5 21. Nf2
Bf6 22. Nd3 e6 23. g4 h6 24. Kg2 Rh8 25. Qf3 Kf8 26. Be1 Ke8 27. Bg3 Qe7 28.
Rh1 Bg7 29. Rdf1 Rd7 30. f5 Bc3 31. Bd6 Qf6 32. fxe6 Qxf3+ 33. Rxf3 fxe6 34.
Rxh6 Rg8 35. Rxg6 Rh8 36. Rxe6+ Kd8 37. Bg3 1-0

[Event "SV Ibbenbüren 1 - SC Falke Saerbeck 1"]
[Site "Verbandsliga 2019/2020"]
[Date "2019.09.07"]
[Round "1.2"]
[White "Langer, Ralf"]
[Black "Hegemann, Eike"]
[Result "1-0"]
[WhiteElo "1749"]
[BlackElo "1962"]
[PlyCount "79"]
[EventDate "2019.??.??"]
[SourceDate "2019.09.14"]

1. d4 d5 2. Nf3 Nf6 3. Bf4 e6 4. e3 Be7 5. Ne5 Nbd7 6. Bd3 c5 7. c3 Qb6 8. Qb3
Qxb3 9. axb3 Nh5 10. Nxd7 Bxd7 11. Bg3 Nxg3 12. hxg3 h6 13. Nd2 O-O 14. O-O a5
15. Nf3 Rfb8 16. Ne5 Be8 17. f4 b5 18. Bc2 cxd4 19. exd4 b4 20. c4 Rc8 21. c5
g5 22. Kf2 f6 23. Nd3 Bg6 24. Rfe1 Be4 25. Rec1 Kg7 26. Ne1 Bxc2 27. Rxc2 e5
28. fxg5 fxg5 29. Nd3 exd4 30. Re1 Rc7 31. Re5 Rd8 32. Re6 Rf8+ 33. Kg1 Rf6 34.
Re5 Bd6 35. Rxd5 Bxg3 36. Rxd4 Rcf7 37. Rc1 h5 38. c6 Rc7 39. Rd5 Rfxc6 40.
Rxc6 1-0

[Event "SV Ibbenbüren 1 - SC Falke Saerbeck 1"]
[Site "Verbandsliga 2019/2020"]
[Date "2019.09.07"]
[Round "1.3"]
[White "Kipp, Lucas"]
[Black "Werremeyer, Achim"]
[Result "0-1"]
[WhiteElo "1926"]
[BlackElo "1712"]
[PlyCount "50"]
[EventDate "2019.??.??"]
[SourceDate "2019.09.14"]

1. e4 g6 2. d4 Bg7 3. Nc3 d6 4. Be3 Nf6 5. Qd2 c6 6. Bd3 O-O 7. h3 b5 8. Nf3
Nbd7 9. O-O Qc7 10. Rfe1 a6 11. Bh6 e5 12. Ne2 exd4 13. Nexd4 c5 14. Nf5 gxf5
15. Qg5 Ne8 16. exf5 f6 17. Qh5 Ne5 18. Nxe5 dxe5 19. Re4 Bxh6 20. Qxh6 Bxf5
21. Re3 Bxd3 22. Rxd3 Rd8 23. Rg3+ Ng7 24. Re1 Kh8 25. Rg4 Qf7 0-1

[Event "SV Ibbenbüren 1 - SC Falke Saerbeck 1"]
[Site "Verbandsliga 2019/2020"]
[Date "2019.09.07"]
[Round "1.4"]
[White "Sivakumaran, Methunraj"]
[Black "Fischer, Andreas"]
[Result "0-1"]
[WhiteElo "1631"]
[BlackElo "1889"]
[PlyCount "32"]
[EventDate "2019.??.??"]
[SourceDate "2019.09.14"]

1. d4 d5 2. c4 e6 3. Nf3 Be7 4. Nc3 f5 5. Bf4 Nf6 6. h3 c6 7. e3 O-O 8. Bd3 Ne4
9. Ne5 Nd7 10. f3 Bh4+ 11. g3 Bxg3+ 12. Bxg3 Nxg3 13. Rg1 Qh4 14. Kd2 Nxe5 15.
dxe5 dxc4 16. Bxc4 Qxc4 0-1

[Event "SV Ibbenbüren 1 - SC Falke Saerbeck 1"]
[Site "Verbandsliga 2019/2020"]
[Date "2019.09.07"]
[Round "1.5"]
[White "Fayazi, Shahriar"]
[Black "Bloem, Markus"]
[Result "1-0"]
[WhiteElo "1889"]
[BlackElo "1514"]
[PlyCount "65"]
[EventDate "2019.??.??"]
[SourceDate "2019.09.14"]

1. c4 e5 2. g3 Nf6 3. Bg2 Bc5 4. Nc3 O-O 5. d3 c6 6. Nf3 d6 7. Bg5 h6 8. Bxf6
Qxf6 9. O-O Bf5 10. a3 Nd7 11. b4 Bb6 12. Qd2 Rfe8 13. a4 Rad8 14. a5 Bc7 15.
Nh4 Nb8 16. b5 Bd7 17. a6 bxa6 18. bxc6 Be6 19. Rfb1 Bb6 20. Rxb6 axb6 21. c7
Rc8 22. cxb8=Q Rxb8 23. Rxa6 Qe7 24. Nb5 Qd8 25. Qa2 g5 26. Nf3 h5 27. h4 gxh4
28. Nxh4 Kg7 29. Ra7 Re7 30. Rxe7 Qxe7 31. Bf3 Bh3 32. Kh2 Qe6 33. Nxd6 1-0

[Event "SV Ibbenbüren 1 - SC Falke Saerbeck 1"]
[Site "Verbandsliga 2019/2020"]
[Date "2019.09.07"]
[Round "1.6"]
[White "Klausmeier, Achim"]
[Black "Bartsch, Jan"]
[Result "1/2-1/2"]
[WhiteElo "1672"]
[BlackElo "1785"]
[PlyCount "44"]
[EventDate "2019.??.??"]
[SourceDate "2019.09.14"]

1. e4 d5 2. exd5 Qxd5 3. d4 c6 4. Nf3 Nf6 5. Be2 Bg4 6. O-O e6 7. Bf4 Be7 8. c3
O-O 9. h3 Bh5 10. Ne5 Bxe2 11. Qxe2 Nbd7 12. Rd1 Rfd8 13. Nd2 Qb5 14. Qxb5 cxb5
15. a3 Nd5 16. Bg3 Nxe5 17. Bxe5 Bd6 18. Nf3 f6 19. Bxd6 Rxd6 20. a4 bxa4 21.
c4 Nc7 22. Rxa4 a6 1/2-1/2

[Event "SV Ibbenbüren 1 - SC Falke Saerbeck 1"]
[Site "Verbandsliga 2019/2020"]
[Date "2019.09.07"]
[Round "1.7"]
[White "Hoge, Reinhard"]
[Black "Kretschmer, Sven"]
[Result "1-0"]
[WhiteElo "1878"]
[BlackElo "1177"]
[PlyCount "43"]
[EventDate "2019.??.??"]
[SourceDate "2019.09.14"]

1. c4 e5 2. g3 Nf6 3. Bg2 Bc5 4. Nc3 O-O 5. Nf3 d6 6. O-O Nc6 7. a3 Be6 8. d3
h6 9. e3 Bg4 10. h3 Bh5 11. b4 Bb6 12. Bb2 a5 13. Qb3 axb4 14. axb4 Bg6 15.
Rad1 e4 16. dxe4 Nxe4 17. Nh4 Nxc3 18. Qxc3 Ne5 19. Nxg6 fxg6 20. f4 Bxe3+ 21.
Qxe3 Nxc4 22. Bd5+ 1-0

[Event "SV Ibbenbüren 1 - SC Falke Saerbeck 1"]
[Site "Verbandsliga 2019/2020"]
[Date "2019.09.07"]
[Round "1.8"]
[White "Kretschmer, Steffen"]
[Black "Bartsch, Rainer"]
[Result "0-1"]
[WhiteElo "1233"]
[BlackElo "1696"]
[PlyCount "71"]
[EventDate "2019.??.??"]
[SourceDate "2019.09.14"]

1. e4 d5 2. exd5 Qxd5 3. Nc3 Qd6 4. Bc4 Nf6 5. d3 a6 6. h3 Nc6 7. a3 e5 8. Bg5
Be7 9. Nf3 O-O 10. O-O Be6 11. Re1 Bxc4 12. dxc4 Rfe8 13. Qxd6 cxd6 14. Bxf6
Bxf6 15. Nd5 Bd8 16. c3 Rc8 17. Nd2 f5 18. f4 Kf7 19. g3 e4 20. b4 Ne7 21. Rac1
b5 22. Nxe7 Rxe7 23. cxb5 axb5 24. Nb3 Bb6+ 25. Kg2 Rec7 26. Red1 Ke6 27. c4
Rxc4 28. Rxc4 Rxc4 29. Rc1 d5 30. Rxc4 dxc4 31. Na1 Kd5 32. Kf1 Kd4 33. Ke2 Kc3
34. Kd1 g6 35. Nc2 Bf2 36. g4 0-1

[Event "SF Olfen 1 - SC Rochade Emsdetten 2"]
[Site "Verbandsliga 2019/2020"]
[Date "2019.09.07"]
[Round "1.1"]
[White "Delere, Adrian"]
[Black "Boesel, Alexander"]
[Result "0-1"]
[WhiteElo "1841"]
[BlackElo "2068"]
[PlyCount "84"]
[EventDate "2019.??.??"]
[SourceDate "2019.09.14"]

1. e4 c5 2. Nc3 Nc6 3. g3 g6 4. Bg2 Bg7 5. f4 d6 6. Nf3 e6 7. O-O Nge7 8. Qe1
O-O 9. g4 Nd4 10. Nxd4 cxd4 11. Ne2 Qc7 12. Qh4 f5 13. c3 d3 14. Ng3 fxg4 15.
Qxg4 e5 16. f5 d5 17. b3 Qc5+ 18. Kh1 dxe4 19. Nxe4 Qa5 20. Qg5 Nxf5 21. Rf3
Be6 22. Rxd3 Bh6 23. Qg4 Bf4 24. Qd1 Rad8 25. Rxd8 Rxd8 26. Qc2 Nh4 27. d3 Nxg2
28. Kxg2 Bxc1 29. Rxc1 Qd5 30. Kg3 Qxd3+ 31. Qxd3 Rxd3+ 32. Kf2 Bf5 33. Nc5
Rd2+ 34. Ke3 Rxh2 35. Nxb7 Rh3+ 36. Ke2 Rh2+ 37. Kf3 Rxa2 38. c4 Kf8 39. c5 Ke7
40. c6 Rc2 41. Rxc2 Bxc2 42. b4 Ba4 0-1

[Event "SF Olfen 1 - SC Rochade Emsdetten 2"]
[Site "Verbandsliga 2019/2020"]
[Date "2019.09.07"]
[Round "1.2"]
[White "Grawunder, Juergen"]
[Black "Wissing, Philipp"]
[Result "1/2-1/2"]
[WhiteElo "1907"]
[BlackElo "1858"]
[PlyCount "76"]
[EventDate "2019.??.??"]
[SourceDate "2019.09.14"]

1. b4 e5 2. Bb2 d6 3. e3 Be6 4. c4 Nd7 5. d4 exd4 6. exd4 d5 7. c5 Ngf6 8. Bd3
g6 9. Ne2 Bg7 10. Qc2 c6 11. O-O Ng4 12. h3 Nh6 13. a4 Qh4 14. g3 Qxh3 15. Nf4
Qg4 16. Nxe6 Qxe6 17. Nd2 O-O 18. Kg2 Rfe8 19. Nf3 Nf6 20. Rh1 Ne4 21. Rae1 f5
22. Nd2 Qd7 23. f3 Nf6 24. b5 Rxe1 25. Rxe1 Re8 26. Rxe8+ Qxe8 27. Nb3 Nf7 28.
Qd2 Bh6 29. Qe2 Qxe2+ 30. Bxe2 Nd8 31. Na5 cxb5 32. axb5 Bd2 33. Nxb7 Nxb7 34.
c6 Nd6 35. Ba3 Nfe8 36. Bc5 Nxb5 37. Bxb5 Nc7 38. Ba4 Kf7 1/2-1/2

[Event "SF Olfen 1 - SC Rochade Emsdetten 2"]
[Site "Verbandsliga 2019/2020"]
[Date "2019.09.07"]
[Round "1.4"]
[White "Engelkamp, Stephan"]
[Black "Colmer, Willi"]
[Result "1-0"]
[WhiteElo "1890"]
[BlackElo "1781"]
[PlyCount "99"]
[EventDate "2019.??.??"]
[SourceDate "2019.09.14"]

1. c4 Nf6 2. Nc3 g6 3. e4 d6 4. d4 Bg7 5. f3 Nc6 6. Be3 a6 7. Qd2 Rb8 8. g4 e5
9. d5 Ne7 10. Nge2 b5 11. Ng3 bxc4 12. Bxc4 h5 13. gxh5 Nxh5 14. O-O-O f5 15.
Nxh5 Rxh5 16. Bg5 Kf7 17. h4 Rb4 18. Bd3 f4 19. a3 Rb6 20. Na2 Bd7 21. Nb4 a5
22. Na2 Qb8 23. Rh2 Qa7 24. Kb1 Rb3 25. Bc4 Rxf3 26. Be2 Qe3 27. Bxf3 Qxf3 28.
Nc3 Bh6 29. Rg1 Ng8 30. Rf2 Qh3 31. Bd8 Nf6 32. Bxf6 Kxf6 33. Nd1 Kg7 34. Qxa5
Qd3+ 35. Ka1 Qc4 36. Rfg2 Be8 37. Qa8 Bf7 38. Qd8 Qc1+ 39. Ka2 Qc4+ 40. b3 Qxe4
41. Nc3 Qf5 42. Qxc7 f3 43. Rxg6+ Kh7 44. Rxd6 f2 45. Rf1 Qc2+ 46. Ka1 Rf5 47.
Rd7 Kg7 48. Qc4 Rf4 49. Qc7 Rf3 50. Qxe5+ 1-0

[Event "SF Olfen 1 - SC Rochade Emsdetten 2"]
[Site "Verbandsliga 2019/2020"]
[Date "2019.09.07"]
[Round "1.5"]
[White "Fehlings, Gerd"]
[Black "Pinno, Gregor"]
[Result "0-1"]
[WhiteElo "1729"]
[BlackElo "1838"]
[PlyCount "74"]
[EventDate "2019.??.??"]
[SourceDate "2019.09.14"]

1. d4 d5 2. Nf3 Nf6 3. c4 dxc4 4. g3 e6 5. Qa4+ Nc6 6. Qxc4 Be7 7. Bg2 O-O 8.
Nc3 Na5 9. Qa4 c5 10. dxc5 Bd7 11. Qd4 Nc6 12. Qd3 Nb4 13. Qb1 Bxc5 14. O-O Bc6
15. a3 Nbd5 16. Nxd5 Bxd5 17. b4 Bb6 18. Bg5 h6 19. Bxf6 Qxf6 20. Nd2 Bxg2 21.
Kxg2 Rfd8 22. Nc4 Bd4 23. Ra2 b5 24. Na5 Rac8 25. e3 Bb6 26. Rc2 Qe5 27. Rxc8
Rxc8 28. Rc1 Rc3 29. Rxc3 Qxc3 30. Qb3 Qc7 31. a4 Bxa5 32. bxa5 Qc6+ 33. Kh3
bxa4 34. Qb8+ Kh7 35. Qxa7 a3 36. Qd4 Qb5 37. Qe4+ Qf5+ 0-1

[Event "SF Olfen 1 - SC Rochade Emsdetten 2"]
[Site "Verbandsliga 2019/2020"]
[Date "2019.09.07"]
[Round "1.6"]
[White "Preuss, Richard"]
[Black "Peters, Tobias"]
[Result "1-0"]
[WhiteElo "1733"]
[BlackElo "1690"]
[PlyCount "47"]
[EventDate "2019.??.??"]
[SourceDate "2019.09.14"]

1. e4 c5 2. Nf3 d6 3. d4 cxd4 4. Nxd4 Nf6 5. Nc3 g6 6. Be2 Bg7 7. O-O O-O 8.
Kh1 Nc6 9. Be3 Ne5 10. h3 Bd7 11. f4 Nc6 12. Qd2 Rc8 13. Nb3 a5 14. Bf3 Nb4 15.
a3 Na6 16. Qf2 a4 17. Bb6 Qe8 18. Na5 Bb5 19. Rfe1 Nc7 20. e5 dxe5 21. fxe5 Nh5
22. Bxb7 Ba6 23. Bc6 Qd8 24. Rad1 1-0

[Event "SF Olfen 1 - SC Rochade Emsdetten 2"]
[Site "Verbandsliga 2019/2020"]
[Date "2019.09.07"]
[Round "1.7"]
[White "Pfeiffer, Erich"]
[Black "Boenigk, Winfried"]
[Result "1-0"]
[WhiteElo "1575"]
[BlackElo "1760"]
[PlyCount "47"]
[EventDate "2019.??.??"]
[SourceDate "2019.09.14"]

1. d4 Nf6 2. Nc3 d5 3. Bg5 g6 4. Nf3 Bg7 5. Bxf6 Bxf6 6. e4 dxe4 7. Nxe4 Bg7 8.
c3 e6 9. Bd3 Nc6 10. Qc2 a6 11. g4 Ne7 12. h4 h5 13. gxh5 Rxh5 14. O-O-O Nf5
15. Neg5 Bf6 16. Bxf5 exf5 17. Rhe1+ Kf8 18. Qb3 Bxg5+ 19. Nxg5 Qf6 20. f4 b5
21. Qb4+ Qd6 22. Qb3 Qf6 23. Qd5 Rb8 24. Nxf7 1-0

[Event "SF Olfen 1 - SC Rochade Emsdetten 2"]
[Site "Verbandsliga 2019/2020"]
[Date "2019.09.07"]
[Round "1.8"]
[White "Steffens, Gerd"]
[Black "Gatterdam, Karl Heinz"]
[Result "1/2-1/2"]
[WhiteElo "1802"]
[BlackElo "1695"]
[PlyCount "84"]
[EventDate "2019.??.??"]
[SourceDate "2019.09.14"]

1. e4 e5 2. Nc3 Nf6 3. Bc4 Bc5 4. d3 c6 5. Be3 Bb6 6. Qd2 d5 7. Bxb6 axb6 8.
exd5 cxd5 9. Bb3 Nc6 10. Nge2 O-O 11. a3 Be6 12. O-O Qd7 13. d4 e4 14. Nf4 Na5
15. Ba2 Rac8 16. Nxe6 fxe6 17. f3 exf3 18. Rxf3 Nc4 19. Bxc4 dxc4 20. Re1 Nd5
21. Ref1 Rxf3 22. Rxf3 Rf8 23. Rxf8+ Kxf8 24. Ne4 Qe7 25. Qf2+ Kg8 26. Qg3 h6
27. c3 Qf8 28. h3 Qf5 29. Nd6 Qb1+ 30. Kh2 Qxb2 31. Qg6 Nf6 32. Ne8 Nxe8 33.
Qxe8+ Kh7 34. Qxe6 Qxc3 35. d5 Qd3 36. d6 c3 37. d7 c2 38. d8=Q Qxd8 39. Qf5+
Kh8 40. Qxc2 Qd6+ 41. Kh1 Qxa3 42. Qc8+ Kh7 1/2-1/2

[Event "SK Gescher 1 - Schach Nienberge 2"]
[Site "Verbandsliga 2019/2020"]
[Date "2019.09.07"]
[Round "1.2"]
[White "Eissing, Christoph"]
[Black "Da Costa Campos, Andre"]
[Result "1/2-1/2"]
[WhiteElo "2026"]
[BlackElo "1895"]
[PlyCount "67"]
[EventDate "2019.??.??"]
[SourceDate "2019.09.14"]

1. e4 e5 2. d4 exd4 3. Qxd4 Nc6 4. Qe3 Bb4+ 5. Nc3 d6 6. Bd2 Nf6 7. O-O-O Be6
8. a3 Bc5 9. Qe1 Ng4 10. Nh3 Qd7 11. f4 f6 12. Qg3 h5 13. f5 Bg8 14. Be2 Nce5
15. Bxg4 Nxg4 16. Qd3 O-O-O 17. Bf4 Bf7 18. Rhe1 Rhe8 19. Bg3 Re7 20. Nf4 c6
21. h3 Ne5 22. Qe2 Qe8 23. Nd3 Bc4 24. Bxe5 Bxd3 25. Rxd3 Rxe5 26. g4 hxg4 27.
Qxg4 Qf7 28. Na4 Bb6 29. Nxb6+ axb6 30. Kb1 d5 31. Red1 Rxe4 32. Qxe4 dxe4 33.
Rxd8+ Kc7 34. R8d4 1/2-1/2

[Event "SK Gescher 1 - Schach Nienberge 2"]
[Site "Verbandsliga 2019/2020"]
[Date "2019.09.07"]
[Round "1.3"]
[White "Wetterau, Georg"]
[Black "Lanfer, Stefan"]
[Result "1/2-1/2"]
[WhiteElo "1829"]
[BlackElo "1772"]
[PlyCount "82"]
[EventDate "2019.??.??"]
[SourceDate "2019.09.14"]

1. e4 c6 2. c4 g6 3. Nc3 Bg7 4. d4 d6 5. Nf3 Nd7 6. Be2 b6 7. O-O c5 8. Be3 Bb7
9. h3 cxd4 10. Nxd4 Ngf6 11. f3 O-O 12. Qd2 Ne5 13. Bh6 Nc6 14. Bxg7 Kxg7 15.
Rad1 Nxd4 16. Qxd4 Qc7 17. b4 Rad8 18. f4 Kg8 19. Qe3 a6 20. e5 Nd7 21. exd6
exd6 22. Qd4 Nb8 23. Qf6 Rfe8 24. f5 Qe7 25. Qxe7 Rxe7 26. Bf3 Bxf3 27. Rxf3
Rc7 28. fxg6 hxg6 29. c5 bxc5 30. Nd5 Rb7 31. bxc5 Kg7 32. Nf6 Rb2 33. Rxd6
Rxd6 34. Ne8+ Kg8 35. Nxd6 f5 36. Rb3 Rxb3 37. axb3 Nc6 38. Nc4 Kf7 39. Kf2 Ke6
40. Nb6 Nd4 41. b4 Nc6 1/2-1/2

[Event "SK Gescher 1 - Schach Nienberge 2"]
[Site "Verbandsliga 2019/2020"]
[Date "2019.09.07"]
[Round "1.4"]
[White "Lanfer, Stefanie"]
[Black "Schipke, Thorsten"]
[Result "0-1"]
[WhiteElo "1882"]
[BlackElo "1838"]
[PlyCount "48"]
[EventDate "2019.??.??"]
[SourceDate "2019.09.14"]

1. e4 c5 2. Nf3 Nf6 3. e5 Nd5 4. Nc3 e6 5. Nxd5 exd5 6. d4 Nc6 7. dxc5 Bxc5 8.
Qxd5 Qb6 9. Bc4 Bxf2+ 10. Kf1 O-O 11. Bf4 d6 12. exd6 Bc5 13. Re1 Be6 14. Rxe6
fxe6 15. Qxe6+ Kh8 16. g3 Rae8 17. Qd5 Nb4 18. Qd1 Be3 19. d7 Rd8 20. a3 Qc6
21. axb4 Qxc4+ 22. Kg2 Bxf4 23. gxf4 Qxf4 24. Rf1 Qg4+ 0-1

[Event "SK Gescher 1 - Schach Nienberge 2"]
[Site "Verbandsliga 2019/2020"]
[Date "2019.09.07"]
[Round "1.5"]
[White "Weist, Thorsten"]
[Black "Brands, Julian"]
[Result "0-1"]
[WhiteElo "1728"]
[BlackElo "1736"]
[PlyCount "68"]
[EventDate "2019.??.??"]
[SourceDate "2019.09.14"]

1. d4 Nf6 2. Nf3 e6 3. c4 b6 4. Nc3 Bb7 5. Bg5 Be7 6. e3 O-O 7. Be2 d6 8. O-O
Nbd7 9. Rc1 h6 10. Bxf6 Nxf6 11. d5 e5 12. Nd2 Nd7 13. f4 f5 14. e4 fxe4 15. f5
e3 16. Nde4 Nf6 17. g4 Nxe4 18. Nxe4 Bg5 19. Qd3 Bf4 20. Rf3 Qh4 21. h3 h5 22.
Rxe3 hxg4 23. Bxg4 Rae8 24. Rf1 Bxe3+ 25. Qxe3 Bc8 26. Qf3 Kh8 27. Rf2 Rf7 28.
f6 gxf6 29. Nxf6 Ref8 30. Qe2 Rxf6 31. Rxf6 Qxf6 32. Bxc8 Rxc8 33. Qh5+ Kg7 34.
Qg4+ Qg6 0-1

[Event "SK Gescher 1 - Schach Nienberge 2"]
[Site "Verbandsliga 2019/2020"]
[Date "2019.09.07"]
[Round "1.6"]
[White "Priebs, Ludger"]
[Black "Hagemann, Lars"]
[Result "1/2-1/2"]
[WhiteElo "1758"]
[BlackElo "1724"]
[PlyCount "33"]
[EventDate "2019.??.??"]
[SourceDate "2019.09.14"]

1. Nf3 f5 2. d4 Nf6 3. c4 e6 4. Nc3 Be7 5. Bg5 Ne4 6. Nxe4 fxe4 7. Bxe7 Qxe7 8.
Nd2 d5 9. e3 O-O 10. f4 c5 11. dxc5 Qxc5 12. Qb3 Nc6 13. cxd5 Na5 14. Qc3 Qxc3
15. bxc3 exd5 16. Rb1 b6 17. c4 1/2-1/2

[Event "SK Gescher 1 - Schach Nienberge 2"]
[Site "Verbandsliga 2019/2020"]
[Date "2019.09.07"]
[Round "1.7"]
[White "Van de Vyle, Jan"]
[Black "Iking, Bernhard"]
[Result "1/2-1/2"]
[WhiteElo "1751"]
[BlackElo "1748"]
[PlyCount "41"]
[EventDate "2019.??.??"]
[SourceDate "2019.09.14"]

1. e4 c6 2. d4 d5 3. exd5 cxd5 4. Bd3 Nc6 5. c3 Nf6 6. Nf3 Bg4 7. h3 Bxf3 8.
Qxf3 e6 9. Bf4 Bd6 10. O-O O-O 11. Re1 Re8 12. Bg5 Be7 13. Nd2 Rc8 14. Re2 h6
15. Bf4 Bd6 16. Rae1 Bxf4 17. Qxf4 Nh5 18. Qg4 Qg5 19. Qxg5 hxg5 20. g3 Nf6 21.
Kg2 1/2-1/2

[Event "SK Gescher 1 - Schach Nienberge 2"]
[Site "Verbandsliga 2019/2020"]
[Date "2019.09.07"]
[Round "1.8"]
[White "Frieske, Hilmar"]
[Black "Scharlow, Siegmar"]
[Result "0-1"]
[WhiteElo "1728"]
[BlackElo "1750"]
[PlyCount "85"]
[EventDate "2019.??.??"]
[SourceDate "2019.09.14"]

1. e4 c5 2. Nf3 Nc6 3. Bc4 e6 4. Nc3 Nge7 5. d4 cxd4 6. Nxd4 d5 7. exd5 Nxd5 8.
Nxd5 exd5 9. Bb3 Be7 10. O-O O-O 11. c3 a6 12. Bf4 Bf6 13. Be3 Na5 14. Bc2 Nc4
15. Qd3 g6 16. Bc1 Re8 17. b3 Ne5 18. Qd1 Qc7 19. Bd2 b5 20. f3 Bb7 21. f4 Nc6
22. Nf3 Ne7 23. Bd3 Bxc3 24. Bxc3 Qxc3 25. Rc1 Qa5 26. Rf2 Nc6 27. f5 Ne5 28.
Nxe5 Rxe5 29. f6 Rae8 30. Rf1 Qb6+ 31. Kh1 R5e6 32. Qd2 Rxf6 33. Qg5 Rxf1+ 34.
Rxf1 Kg7 35. h4 f6 36. Qg4 Qe6 37. Qg3 Qe3 38. Qc7+ Re7 39. Qc2 Qg3 40. Rf3 Qg4
41. Rh3 Re1+ 42. Kh2 Qf4+ 43. g3 0-1

[Event "Südlohner SV 2 - SK Königsspringer Nord"]
[Site "Verbandsliga 2019/2020"]
[Date "2019.09.07"]
[Round "1.1"]
[White "Lerke, Bernd"]
[Black "Teloeken, Daniel"]
[Result "1-0"]
[WhiteElo "1867"]
[BlackElo "1943"]
[PlyCount "80"]
[EventDate "2019.??.??"]
[SourceDate "2019.09.14"]

1. Nf3 c5 2. b3 Nf6 3. Bb2 g6 4. e4 Bg7 5. Be2 d6 6. O-O O-O 7. d3 Nc6 8. Nbd2
a6 9. a4 Rb8 10. Nc4 b5 11. Ne3 Qb6 12. axb5 axb5 13. Re1 Bb7 14. Bf1 Nd4 15.
Nxd4 cxd4 16. Ng4 Nxg4 17. Qxg4 e5 18. c3 f5 19. exf5 dxc3 20. Bxc3 Rxf5 21.
Ra2 Rbf8 22. Qg3 Bd5 23. Rb2 Qc5 24. d4 exd4 25. Bd2 Be5 26. f4 Bxf4 27. Qd3
Bxd2 28. Rxd2 Bxb3 29. Qxb3+ Kh8 30. Qd3 Re5 31. Red1 Rf4 32. Rf2 Re3 33. Qxb5
Rxf2 34. Kxf2 Qc2+ 35. Be2 Kg7 36. Rxd4 Re6 37. Rf4 Re7 38. Qc4 Qxc4 39. Bxc4
Rd7 40. Bd5 Re7 1-0

[Event "Südlohner SV 2 - SK Königsspringer Nord"]
[Site "Verbandsliga 2019/2020"]
[Date "2019.09.07"]
[Round "1.2"]
[White "Sparwel, Oliver"]
[Black "Sandmann, Matthias"]
[Result "1-0"]
[WhiteElo "1929"]
[BlackElo "1750"]
[PlyCount "79"]
[EventDate "2019.??.??"]
[SourceDate "2019.09.14"]

1. d4 d5 2. c4 c6 3. Nf3 Nf6 4. Nc3 Bg4 5. Ne5 e6 6. Bg5 Bh5 7. cxd5 exd5 8.
Qb3 Qc7 9. Bxf6 gxf6 10. Nd3 Nd7 11. g3 Bd6 12. Bg2 f5 13. e3 Nf6 14. O-O Ne4
15. Rfc1 Qe7 16. Nf4 Bxf4 17. exf4 O-O 18. Re1 Qd7 19. Nd1 Bxd1 20. Qxd1 Qd6
21. f3 Nf6 22. Bh3 Rae8 23. Qd2 Rxe1+ 24. Rxe1 Re8 25. Re5 Rc8 26. Bxf5 Rc7 27.
b4 a5 28. a3 b5 29. Qc3 Ra7 30. Qc5 Qc7 31. g4 axb4 32. g5 Nd7 33. Re8+ Kg7 34.
Bxd7 Qxd7 35. Qf8+ Kg6 36. Qg8+ Kf5 37. Qxh7+ Kxf4 38. Qh4+ Kf5 39. Re5+ Kg6
40. Qh6# 1-0

[Event "Südlohner SV 2 - SK Königsspringer Nord"]
[Site "Verbandsliga 2019/2020"]
[Date "2019.09.07"]
[Round "1.3"]
[White "Schmidt, Ralf"]
[Black "Schmeing, Walter"]
[Result "0-1"]
[WhiteElo "1606"]
[BlackElo "1965"]
[PlyCount "50"]
[EventDate "2019.??.??"]
[SourceDate "2019.09.14"]

1. e4 e5 2. Nf3 Nc6 3. d4 exd4 4. Bc4 Nf6 5. e5 d5 6. Bb5 Ne4 7. Nxd4 Bd7 8.
Bxc6 bxc6 9. O-O Bc5 10. c3 Qe7 11. f3 Ng5 12. f4 Ne4 13. Nd2 Nxd2 14. Qxd2 O-O
15. Kh1 f6 16. Nf3 fxe5 17. fxe5 Qxe5 18. Qd3 Qf5 19. Qd1 Qh5 20. Bd2 Bg4 21.
b4 Bd6 22. Qe2 Rae8 23. Qf2 Rxf3 24. gxf3 Bxf3+ 25. Kg1 Qg4+ 0-1

[Event "Südlohner SV 2 - SK Königsspringer Nord"]
[Site "Verbandsliga 2019/2020"]
[Date "2019.09.07"]
[Round "1.4"]
[White "Loesing, Henrik"]
[Black "Diepenbrock, Till"]
[Result "0-1"]
[WhiteElo "1873"]
[BlackElo "1778"]
[PlyCount "76"]
[EventDate "2019.??.??"]
[SourceDate "2019.09.14"]

1. d4 Nf6 2. Nf3 e6 3. Bf4 b6 4. e3 Bb7 5. Nbd2 Be7 6. Bd3 d6 7. Qe2 Nbd7 8. h3
Nd5 9. c3 c5 10. Bg3 O-O 11. O-O N7f6 12. Rad1 Qc8 13. Nc4 Rd8 14. e4 b5 15.
Na5 c4 16. Bb1 Nb6 17. Bh4 Rd7 18. Nxb7 Qxb7 19. Ng5 h6 20. f4 hxg5 21. fxg5
Nh7 22. e5 g6 23. Rxf7 Kxf7 24. Rf1+ Kg7 25. Qc2 Nf8 26. Qf2 dxe5 27. Qf7+ Kh8
28. Bg3 Bd6 29. Qf6+ Kg8 30. Bxg6 Nd5 31. Be4 Nxf6 32. Bxb7 Rxb7 33. gxf6 Ng6
34. Re1 Rd8 35. dxe5 Bc5+ 36. Kh2 Rd2 37. Re4 Bf2 38. h4 Rh7 0-1

[Event "Südlohner SV 2 - SK Königsspringer Nord"]
[Site "Verbandsliga 2019/2020"]
[Date "2019.09.07"]
[Round "1.5"]
[White "Steens, Rudolf"]
[Black "Harbers, Gerard"]
[Result "1/2-1/2"]
[WhiteElo "1808"]
[BlackElo "1883"]
[PlyCount "33"]
[EventDate "2019.??.??"]
[SourceDate "2019.09.14"]

1. e4 e5 2. Nc3 Nc6 3. Bc4 Nf6 4. f4 d6 5. Nf3 Bg4 6. Bb5 Nd7 7. Bxc6 bxc6 8.
h3 Bxf3 9. Qxf3 Be7 10. O-O O-O 11. f5 Nf6 12. d3 d5 13. Bg5 dxe4 14. dxe4 Qd4+
15. Kh1 Rfd8 16. Rad1 Qb4 17. b3 1/2-1/2

[Event "Südlohner SV 2 - SK Königsspringer Nord"]
[Site "Verbandsliga 2019/2020"]
[Date "2019.09.07"]
[Round "1.7"]
[White "Schmalbrock, Andreas"]
[Black "Boecker, Manfred"]
[Result "0-1"]
[WhiteElo "1474"]
[BlackElo "1820"]
[PlyCount "76"]
[EventDate "2019.??.??"]
[SourceDate "2019.09.14"]

1. e4 e6 2. Nc3 d5 3. d4 dxe4 4. Nxe4 Bd7 5. Nf3 Bc6 6. Bd3 Nd7 7. O-O Be7 8.
Bf4 Ngf6 9. Re1 Nxe4 10. Bxe4 Bxe4 11. Rxe4 Nf6 12. Re1 c5 13. c3 cxd4 14. cxd4
O-O 15. Qb3 Nd5 16. Bg3 Qb6 17. Qd3 Rac8 18. Ne5 Nb4 19. Qd2 Rcd8 20. Red1 Rd5
21. Nc4 Qd8 22. Ne3 Rd7 23. a3 Nd5 24. Rac1 Bf6 25. Ng4 Bg5 26. f4 Bf6 27.
Nxf6+ Qxf6 28. Rc2 h5 29. h3 h4 30. Bh2 Ne7 31. Qf2 Nf5 32. Rcd2 Rfd8 33. d5
Rxd5 34. Rxd5 Rxd5 35. Rxd5 exd5 36. Qxa7 Qxb2 37. Qb8+ Kh7 38. Qc8 Ne3 0-1